000 01100cab a2200313 4500
001 ABS55350
008 090401t1996 xxu||||| |||| 00| 0 eng d
035 _a(Sirsi) u15904
041 _aeng
100 _aPawlowski, M.
245 _aOverriding interests and third parties
260 _c1996
350 _a0
490 _aSolicitors` Journal
_v140(24) 21 June 1996, 614-615(2)
520 _aHighlights the differences between registered and unregistered land by examining three recent cases concerning whether an occupants interest in registered land qualifies as an overriding interest under the Land Registration Act 1925 s70(1).
650 _aCELSTEEL LTD V ALTON HOUSE HOLDINGS
650 _aLAND REGISTRATION
650 _aLAW OF PROPERTY ACT 1925 S70
650 _aLAW OF PROPERTY ACT 1925
650 _aLLOYDS BANK PLC V CARRICK
650 _aOVERRIDING INTEREST
650 _aREGISTERED LAND
650 _aTHATCHER V DOUGLAS
650 _aUNREGISTERED LAND
650 _aWOOLWICH BUILDING SOCIETY V DICKMAN
690 _aLAND
942 _n0
948 _c04/03/1997
999 _c10472
_d10472